[Event "SC Böblingen 1 - SK Bebenhausen 1"]
[Site "Oberliga 2019/2020"]
[Date "2019.11.10"]
[Time "10:00:00"]
[Round "3"]
[White "Roth, Jürgen Eugen"]
[Black "Bauer, Peter"]
[WhiteElo "2115"]
[BlackElo "2124"]
[WhiteTeam "SK Bebenhausen 1"]
[BlackTeam "SC Böblingen 1"]
[Board "7"]
[Result "1/2-1/2"]

1.d4 Nf6 2.Nf3 e6 3.Bg5 Be7 4.e3 d5 5.Bd3 c5 6.c3 Qb6 7.Qc1 Nc6
8.Nbd2 Bd7 9.O-O Rc8 10.dxc5 Bxc5 11.Bxf6 gxf6 12.e4 Ne7 13.exd5
Nxd5 14.Ne4 Bf8 15.Qd2 f5 16.Ng3 Nf6 17.Ne5 Rg8 18.Nxd7 Nxd7
19.Rfe1 Kd8 20.Rad1 Rc7 21.Qe2 Bd6 22.Bb5 Bxg3 23.hxg3 Kc8 24.Bxd7+
Rxd7 25.Rxd7 Kxd7 26.Qh5 Rf8 27.Rd1+ Kc8 28.Rd2 Qc7 29.Qh6 Re8
30.Qf6 b6 31.Rd4 b5 32.Rh4 Rd8 33.Rxh7 Rd5 34.Kh2 Rd7 35.Qh4
Kb7 36.Qb4 a6 37.a4 Qc4 38.axb5 Qxb4 39.bxa6+ Kxa6 40.cxb4 Kb5
41.Rh4 Rd2 42.f3 Rxb2 43.Rh7 Rxb4 44.Rxf7 Kc6 45.Kh3 Kd6 46.Rg7
e5 47.g4 e4 48.gxf5 exf3 49.gxf3 Rf4 50.Kg3 Rxf5 51.Kg4 Rb5 52.Rg5
Rb1 53.Kf5 Ke7 54.Kg6 Kf8 55.Rf5+ Kg8 56.f4 Rb6+ 57.Rf6 Rb4 58.Kg5
Kg7 59.Ra6 Rb1 60.Ra7+ Kf8 1/2-1/2

[Event "SC Böblingen 1 - SK Bebenhausen 1"]
[Site "Oberliga 2019/2020"]
[Date "2019.11.10"]
[Time "10:00:00"]
[Round "3"]
[White "Schröter, Samuel"]
[Black "Kitzberger, Joachim"]
[WhiteElo "2138"]
[BlackElo "2017"]
[WhiteTeam "SC Böblingen 1"]
[BlackTeam "SK Bebenhausen 1"]
[Board "8"]
[Result "1-0"]

1.c4 g6 2.Nc3 Bg7 3.Nf3 Nf6 4.g3 O-O 5.Bg2 c6 6.e4 d6 7.d4 Bg4
8.h3 Bxf3 9.Bxf3 e5 10.Be3 Qc7 11.Qd2 Nbd7 12.d5 Nb6 13.b3 c5
14.g4 Qe7 15.h4 Nfd7 16.O-O-O f6 17.Ne2 Kf7 18.Ng3 Ke8 19.Rh3
Kd8 20.Rdh1 Kc7 21.Ne2 Rac8 22.Nc3 Kb8 23.Kc2 Na8 24.Nb5 Nc7
25.a4 Na6 26.Kd1 f5 27.gxf5 gxf5 28.Bg5 Bf6 29.exf5 Nb4 30.Be4
a6 31.Nc3 Rg8 32.Rg3 Qf7 33.Rhg1 Rcf8 34.Ke1 Kc7 35.Bb1 Qh5 36.Ne4
Bxg5 37.Nxg5 Kb8 38.Ne6 Rxg3 39.fxg3 Rg8 40.Qe2 Qh6 41.Ng5 Nf6
42.Kf2 Rxg5 43.hxg5 Qxg5 44.Rh1 Ng4+ 45.Kf3 h5 46.Be4 Nh6 47.Kg2
Nxf5 48.Bxf5 Qxf5 49.Rxh5 Qg6 50.Rh8+ Ka7 51.Kh3 Nd3 52.Qh5 Qe4
53.Rf8 Qh1+ 54.Kg4 Qg2 55.Qh8 Nf2+ 56.Kf5 Kb6 57.Ke6 Qxg3 58.Qf6
Qh3+ 59.Kf7 Ne4 60.Qg6 Qh4 61.Ke8 Ka5 62.Qf7 b6 63.Qf3 Kb4 64.Kd7
b5 65.axb5 axb5 66.Rb8 Nc3 67.Qf1 Qh7+ 68.Ke6 Qa7 69.Qf8 Kxb3
70.cxb5 Qa4 71.Kxd6 Qc4 72.Qf7 e4 73.b6 e3 74.Re8 e2 75.b7 Qa6+
76.Kxc5 Na4+ 77.Kd4 Qb6+ 78.Kd3 Qb5+ 79.Kd2 Qb4+ 80.Kxe2 Nc3+
81.Kf3 1-0

[Event "TSV Schönaich 2 - SC Weiler im Allgäu 1"]
[Site "Oberliga 2019/2020"]
[Date "2019.11.10"]
[Time "10:00:00"]
[Round "3"]
[White "Henrichs, Thomas"]
[Black "Kölle, Tobias"]
[WhiteElo "2386"]
[BlackElo "2263"]
[WhiteTeam "SC Weiler im Allgäu 1"]
[BlackTeam "TSV Schönaich 2"]
[Board "1"]
[Result "1-0"]

1.d4 Nf6 2.c4 g6 3.Nc3 Bg7 4.e4 d6 5.h3 O-O 6.Nf3 e5 7.d5 Na6
8.Be3 Nh5 9.g3 Qe8 10.Be2 Bd7 11.Nd2 Nf6 12.g4 Qc8 13.a3 c5 14.Rg1
Ne8 15.Bd3 Kh8 16.Qe2 b6 17.Kd1 Rb8 18.Kc2 Nac7 19.h4 Qb7 20.g5
f5 21.f3 b5 22.cxb5 a6 23.a4 axb5 24.axb5 Na8 25.Nb3 Qc8 26.Na5
Nb6 27.Nc6 Ra8 28.Qg2 Nc7 29.Qh1 fxe4 30.fxe4 Bxc6 31.bxc6 Na6
32.h5 Nb4+ 33.Kd2 Kg8 34.h6 Rxa1 35.hxg7 Nxd3 36.gxf8Q+ Qxf8
37.Kxd3 Ra5 38.Qh3 Qa8 39.Qe6+ Kh8 40.Qxd6 Na4 41.Qf6+ Kg8 42.Qe6+
Kg7 43.Qd7+ Kg8 44.c7 Nxb2+ 45.Kc2 1-0

[Event "TSV Schönaich 2 - SC Weiler im Allgäu 1"]
[Site "Oberliga 2019/2020"]
[Date "2019.11.10"]
[Time "10:00:00"]
[Round "3"]
[White "Richter, Nils"]
[Black "Kessler, Luca"]
[WhiteElo "2219"]
[BlackElo "2450"]
[WhiteTeam "TSV Schönaich 2"]
[BlackTeam "SC Weiler im Allgäu 1"]
[Board "2"]
[Result "1/2-1/2"]

1.e4 c6 2.Nc3 d5 3.Nf3 g6 4.d4 Bg7 5.h3 dxe4 6.Nxe4 Bf5 7.Ng3
Be6 8.c3 Nf6 9.Bd3 Qd6 10.O-O O-O 11.Re1 Re8 12.Ng5 Bc8 13.Qb3
e6 14.N5e4 {notiert "Sge4" könnte es auch S3e4 gewesen sein}
Nxe4 15.Nxe4 Qc7 16.Bg5 Nd7 17.Bh4 a5 18.Bg3 Qb6 19.Nd6 Rf8 20.Qc2
a4 21.Rad1 c5 22.Nc4 Qa7 23.Bd6 Re8 24.dxc5 Nxc5 25.Bf1 b6 26.Ne5
Bb7 27.Bb5 Rec8 28.Nc4 Bd5 29.Bg3 Nb7 30.Qe2 Rc5 31.Nd6 Nxd6
32.Bxd6 Rcc8 33.c4 Bc6 34.Bxc6 Rxc6 35.b3 Bc3 36.Qf3 Rxd6 37.Qxc3
Qd7 38.Qf3 1/2-1/2

[Event "TSV Schönaich 2 - SC Weiler im Allgäu 1"]
[Site "Oberliga 2019/2020"]
[Date "2019.11.10"]
[Time "10:00:00"]
[Round "3"]
[White "Kraus, Tomas"]
[Black "Lorscheid, Gerhard"]
[WhiteElo "2471"]
[BlackElo "2213"]
[WhiteTeam "SC Weiler im Allgäu 1"]
[BlackTeam "TSV Schönaich 2"]
[Board "3"]
[Result "1-0"]

1.e4 d6 2.d4 Nf6 3.Nc3 e5 4.Nge2 Be7 5.h3 O-O 6.g4 exd4 7.Nxd4
d5 8.e5 Nfd7 9.e6 Nb6 10.exf7+ Rxf7 11.Bg2 Bg5 12.O-O Bxc1 13.Rxc1
c6 14.b3 Na6 15.Qd2 Nc7 16.Rce1 Qd6 17.f4 Bd7 18.f5 Re8 19.Nf3
Qc5+ 20.Kh1 Rfe7 21.Ne2 Nc8 22.Ned4 Nd6 23.Rxe7 Rxe7 24.b4 Qc4
25.Qg5 Rf7 26.Qd8+ Nce8 27.Ne5 Qxd4 28.Nxf7 Kxf7 29.Qxd7+ Kf8
30.f6 gxf6 31.Qxh7 Qxb4 32.g5 f5 33.g6 Qd4 34.Rxf5+ 1-0

[Event "TSV Schönaich 2 - SC Weiler im Allgäu 1"]
[Site "Oberliga 2019/2020"]
[Date "2019.11.10"]
[Time "10:00:00"]
[Round "3"]
[White "Tuncer, Ufuk"]
[Black "Brunner, Jan"]
[WhiteElo "2321"]
[BlackElo "1999"]
[WhiteTeam "SC Weiler im Allgäu 1"]
[BlackTeam "TSV Schönaich 2"]
[Board "5"]
[Result "0-1"]

1.Nf3 Nf6 2.g3 e6 3.Bg2 d5 4.O-O Be7 5.c4 O-O 6.d4 dxc4 7.Qc2
b6 8.Bg5 Nd5 9.Bxe7 Qxe7 10.Qxc4 Ba6 11.Qc2 c5 12.Nc3 Nd7 13.Rfe1
Bb7 14.Nxd5 exd5 15.dxc5 bxc5 16.Rad1 Nf6 17.Qa4 Rac8 18.Nd2
Rfd8 19.Rc1 Nd7 20.Qxa7 Bc6 21.Qa3 Ra8 22.Qc3 Rxa2 23.Nb3 Ra4
24.e4 d4 25.Qc2 Bb5 26.e5 Rb4 27.Nd2 c4 28.e6 Nc5 29.Qf5 fxe6
30.Qh3 Qf6 31.Ne4 Nxe4 32.Bxe4 h6 33.Rc2 Re8 34.Qh5 d3 35.Rd2
Rf8 36.Qg4 Rb3 37.f4 Bd7 38.Qh5 Rb5 39.Qg4 Rb3 40.f5 Qd4+ 0-1

[Event "TSV Schönaich 2 - SC Weiler im Allgäu 1"]
[Site "Oberliga 2019/2020"]
[Date "2019.11.10"]
[Time "10:00:00"]
[Round "3"]
[White "Reck, Moritz"]
[Black "Wunder, Niklas"]
[WhiteElo "2105"]
[BlackElo "2055"]
[WhiteTeam "TSV Schönaich 2"]
[BlackTeam "SC Weiler im Allgäu 1"]
[Board "6"]
[Result "0-1"]

1.e4 e5 2.Nc3 Nf6 3.f4 d5 4.fxe5 Nxe4 5.Nf3 Bc5 6.d4 Bb6 7.Bd3
Nc6 8.Be3 f5 9.Ne2 Nb4 10.Bb5+ Bd7 11.Bxd7+ Qxd7 12.c3 Nc6 13.a4
O-O 14.Nf4 a6 15.Rc1 g5 16.Nd3 f4 17.Bg1 Nd8 18.Qb3 Ne6 19.Nf2
Kh8 20.Nd2 Nxd2 21.Kxd2 Ba5 22.Kc2 c5 23.Nd1 f3 24.gxf3 Nxd4+
25.cxd4 c4 26.Qc3 Bxc3 27.Kxc3 Rxf3+ 28.Be3 Qxa4 29.Kd2 Rg8 30.h4
gxh4 31.Ke2 Rfg3 32.Rxh4 Rg2+ 33.Kf1 Qb3 34.Nc3 Qxb2 35.Rh1 Rc2
36.Nd1 Rf8+ 0-1

[Event "TSV Schönaich 2 - SC Weiler im Allgäu 1"]
[Site "Oberliga 2019/2020"]
[Date "2019.11.10"]
[Time "10:00:00"]
[Round "3"]
[White "Wunder, Fabian"]
[Black "Schnadt, Florian"]
[WhiteElo "2032"]
[BlackElo "2046"]
[WhiteTeam "SC Weiler im Allgäu 1"]
[BlackTeam "TSV Schönaich 2"]
[Board "7"]
[Result "1-0"]

1.d4 d5 2.Nf3 Nf6 3.g3 c6 4.Bg2 e6 5.O-O Bd6 6.b3 O-O 7.Bb2 Nbd7
8.Nbd2 Qe7 9.c4 Re8 10.Re1 Bb4 11.a3 Ba5 12.b4 Bc7 13.e4 dxc4
14.Nxc4 b6 15.Rc1 Bb7 16.Nfd2 e5 17.Nxe5 Nxe5 18.dxe5 Bxe5 19.Bxe5
Qxe5 20.Nc4 Qe7 21.e5 Nd5 22.Nd6 Red8 23.Nxb7 Qxb7 24.Qb3 b5
25.Rc5 a5 26.Rec1 a4 27.Qc2 Qe7 28.Rxc6 Qxe5 29.Rc5 Qe6 30.Rd1
Rac8 31.Rdxd5 1-0

[Event "TSV Schönaich 2 - SC Weiler im Allgäu 1"]
[Site "Oberliga 2019/2020"]
[Date "2019.11.10"]
[Time "10:00:00"]
[Round "3"]
[White "Kübler, Marcus"]
[Black "Hosticka, Frantisek"]
[WhiteElo "1978"]
[BlackElo "2067"]
[WhiteTeam "TSV Schönaich 2"]
[BlackTeam "SC Weiler im Allgäu 1"]
[Board "8"]
[Result "1/2-1/2"]

1.d4 Nf6 2.c4 e6 3.g3 Bb4+ 4.Bd2 Qe7 5.Nf3 O-O 6.Bg2 Bxd2+ 7.Qxd2
d6 8.Nc3 c6 9.O-O Re8 10.e4 e5 11.d5 cxd5 12.cxd5 a5 13.Ne1 Bd7
14.a4 Na6 15.Nc2 Nc5 16.Ra3 Rec8 17.Ne3 Ne8 18.Re1 Nf6 19.f3
Ne8 20.Bf1 b6 21.Nc4 Rab8 22.Nb5 Nxa4 23.Na7 Rc7 24.Nc6 Bxc6
25.dxc6 Nc5 26.b4 axb4 27.Qxb4 Rxc6 28.Ne3 Qg5 29.Bb5 Rcc8 30.Ra7
Ra8 31.Rxa8 Rxa8 32.Bxe8 Rxe8 33.Qxb6 Qd8 34.Qb5 Ne6 35.Kg2 Nd4
36.Qa4 Qa8 37.Qxa8 Rxa8 38.g4 g6 39.Nc4 Ra6 40.g5 Ne6 41.h4 Nf4+
42.Kh1 Rc6 43.Ne3 Rc3 44.Kg1 Kg7 45.Kh2 Rd3 46.Kg3 h5 47.gxh6+
Kxh6 48.Ng4+ Kg7 49.Nf2 Rd2 50.Rd1 Rxd1 51.Nxd1 d5 52.exd5 Nxd5
53.Nf2 f5 54.Nh3 Kh6 55.Ng5 Kh5 56.Nf7 e4 57.fxe4 fxe4 58.Ng5
e3 59.Nf3 Nc3 60.Ne1 e2 61.Ng2 Nd5 62.Kf3 Nc3 63.Kg3 Kh6 64.Kg4
Kg7 65.h5 {(=)} gxh5+ 66.Kxh5 Nd5 67.Ne1 Kf6 68.Kg4 Ke5 69.Kf3
Nf4 70.Ke3 Kf5 71.Kf3 Kg5 72.Kg3 Nd5 73.Kf3 Nc3 74.Ke3 Kg4 75.Kd2 1/2-1/2